| 000 | 00335nam a22001217a 4500 | ||
|---|---|---|---|
| 020 | _a090703375X | ||
| 082 |
_a912.1 _bROB |
||
| 100 |
_aRobinson ,Barbara _9112001 |
||
| 245 |
_aONE OFF : _bnot really an autobiography / _cBarbara Robinson |
||
| 260 |
_aCanada , _bHunton Press _c1988. |
||
| 300 |
_a133p. ; _bPaperback |
||
| 942 |
_2ddc _cBK |
||
| 999 |
_c594573 _d594573 |
||